Goldacre (Offices) Ltd v Nortel Networks UK Ltd (in administration) (Record no. 113113)

MARC details
000 -LEADER
fixed length control field 01405cad a22002415a 4500
001 - CONTROL NUMBER
control field L154706
008 - FIXED-LENGTH DATA ELEMENTS--GENERAL INFORMATION
fixed length control field 120116e20091207xxk f 000 0 eng d
035 ## - SYSTEM CONTROL NUMBER
System control number (Sirsi) u154706
041 0# - LANGUAGE CODE
Language code of text/sound track or separate title eng
245 00 - TITLE STATEMENT
Title Goldacre (Offices) Ltd v Nortel Networks UK Ltd (in administration)
Medium [electronic resource]
520 ## - SUMMARY, ETC.
Summary, etc. [2009] EWHC 3389 (Ch), 7 December 2009. Applicant landlord G applied for the rent of business premises to be paid as an expense of the administration of the respondent company N. "Held": Application granted. Rent would continue to be payable as an administration expense quarterly in advance under the terms of two leases so long as the administrators retained or used any part of the premises demised for the benefit of the administration. The court had no discretion to consider how much it would be fair for the administrators to pay in this case.
590 ## - LOCAL NOTE (RLIN)
Local note KA
650 24 - SUBJECT ADDED ENTRY--TOPICAL TERM
Topical term or geographic name entry element GOLDACRE (OFFICES) LTD v NORTEL NETWORKS UK LTD (IN ADMINISTRATION)
650 24 - SUBJECT ADDED ENTRY--TOPICAL TERM
Topical term or geographic name entry element INSOLVENCY RULES 1986 R2 67(1)(A)
650 24 - SUBJECT ADDED ENTRY--TOPICAL TERM
Topical term or geographic name entry element INSOLVENCY RULES 1986 R4 218(1)(A)
650 24 - SUBJECT ADDED ENTRY--TOPICAL TERM
Topical term or geographic name entry element APPORTIONMENT ACT 1870
650 24 - SUBJECT ADDED ENTRY--TOPICAL TERM
Topical term or geographic name entry element RE LUNDY GRANITE CO
651 #4 - SUBJECT ADDED ENTRY--GEOGRAPHIC NAME
Geographic name England and Wales
Chronological subdivision 1543-
690 ## - LOCAL SUBJECT ADDED ENTRY--TOPICAL TERM (OCLC, RLIN)
Topical term or geographic name as entry element Commercial property
9 (RLIN) 6227
690 ## - LOCAL SUBJECT ADDED ENTRY--TOPICAL TERM (OCLC, RLIN)
Topical term or geographic name as entry element Landlord and tenant
9 (RLIN) 6252
856 40 - ELECTRONIC LOCATION AND ACCESS
Uniform Resource Identifier <a href="https://www.bailii.org/ew/cases/EWHC/Ch/2009/3389.html">https://www.bailii.org/ew/cases/EWHC/Ch/2009/3389.html</a>
Public note View the law report free of charge at www.bailii.org
942 ## - ADDED ENTRY ELEMENTS (KOHA)
Suppress in OPAC 0
Holdings
Withdrawn status Lost status Source of classification or shelving scheme Damaged status Not for loan Home library Current library Shelving location Date acquired Total Checkouts Full call number Barcode Date last seen Copy number Price effective from Koha item type
    Dewey Decimal Classification     Virtual Virtual Online 15/01/2012   ONLINE PUBLICATION 154706-2001 06/08/2019 1 06/08/2019 Law report